| 000 | 00546nam a22002057a 4500 | ||
|---|---|---|---|
| 003 | OSt | ||
| 005 | 20140310182848.0 | ||
| 008 | 130617t xxu||||| |||| 00| 0 eng d | ||
| 020 | _a0962412287 | ||
| 050 |
_aHV 1577 _b.J55 1994 |
||
| 082 |
_aM 362.41 _bSt2 1994 |
||
| 245 |
_aStanding on one foot / _c Jernigan, Kenneth |
||
| 260 |
_aU.S.A : _bNational Federation of the Blind, _cc1994. |
||
| 300 |
_a84 p. ; _b17 cm. |
||
| 521 | _acollege students | ||
| 526 | _c1210L-1700L | ||
| 541 | _j1 | ||
| 562 | _e1 | ||
| 942 |
_2lcc _cBK _kM |
||
| 999 |
_c16955 _d16955 |
||